Wings like eagles : the story of soaring in the United States /

Bibliographic Details
Main Author: Schweizer, Paul A., 1913-
Format: Book
Language:English
Published: Washington, D.C. : Smithsonian Institution Press, [1988]
Subjects:

MARC

Tag First Indicator Second Indicator Subfields
LEADER 00000cam a2200000 a 4500
001 in00000023658
005 20151007054303.0
008 871026s1988 dcua 00110 eng
010 |a  87028850  
020 |a 0874748283 (alk. paper) 
020 |a 0874748275 (pbk.) 
035 |a (OCoLC)16982242 
035 |9 AAB4576AM 
040 |a DLC  |c DLC  |d TXA  |d UtOrBLW 
043 |a n-us--- 
049 |a TXAM  |c [A11112786] 
050 0 0 |a TL760.4.U6  |b S37 1988 
082 0 |a 629.132/31/09  |2 19 
100 1 |a Schweizer, Paul A.,  |d 1913- 
245 1 0 |a Wings like eagles :  |b the story of soaring in the United States /  |c Paul A. Schweizer. 
264 1 |a Washington, D.C. :  |b Smithsonian Institution Press,  |c [1988] 
264 4 |c ©1988 
300 |a x, 374 pages :  |b illustrations ;  |c 27 cm. 
336 |a text  |b txt  |2 rdacontent 
337 |a unmediated  |b n  |2 rdamedia 
338 |a volume  |b nc  |2 rdacarrier 
500 |a Includes index. 
536 |a Gift of Ben Allen Jr. '56. 
650 0 |a Gliding and soaring  |z United States  |x History. 
999 |a MARS 
999 f f |s f9d7fda0-019f-3e06-8463-efa7c9ad40db  |i 2626db5c-8dae-3894-9101-2aa4cfac1c5b  |t 0 
952 f f |p ric  |a Texas A&M University  |b Rellis Campus  |c Joint Library Facility  |d Remote Storage  |t 0  |e TL760.4.U6 S37 1988  |h Library of Congress classification  |i unmediated -- volume  |m A14834927249 
998 f f |a TL760.4.U6 S37 1988  |t 0  |l Remote Storage